00632nam a22001937a 450000500170000001000130001702000150003003500130004503700160005804000120007408200130008610000190009924501590011826000410027727000500031830000200036865000150038865000350040320170124110257.0 aB-060109 a8176030171 aB-060109 bCen Lib/Ret aDPLbEN a070bPUR aPuri, Gopal K. aIIMS 100 practice papers on test of english language english comprehension objective general english for all competiive examinations //cby Gopal K. Puri  aNew Delhi bIIMS Publications c1998 a6/18, jangpura extention bNew Delhi e110014 a294p.c25cm(Hb) aGeneralia  aExercises, qestion papers etc